000 00916nam a2200289 a 4500
001 56494
003 BD-RjUL
005 20211209080414.0
008 161129r19721968enk b 001 0 eng
020 _a333044339
020 _a333081528
_c56618
035 _a(BD-RjUL)56618
040 _aDLC
_cDLC
_dDLC
_beng
041 _aeng
082 0 0 _a822.3/3
_223
_bSHS 1972
100 1 _aShakespeare, William
_d1945-1975.
_9168014
245 0 0 _aShakespeare :
_bAntony and Cleopatra /
_cWilliam Shakespeare ; Editor by Joha Russell Brown
260 _aLondon :
_bEdward Arnold,
_c1968[Reprinted 1972]
300 _a64 p. ;
_c20 cm.
350 _a£0.45 (pbk)
490 0 _aStudies in English literature, no. 44
504 _aBibliography: p. [61]
600 1 0 _aShakespeare, William,
_d1564-1616.
_tAntony and Cleopatra.
_9168015
700 _a Brown, Joha Russell
_9168016
942 _2ddc
_cBK
999 _c56494
_d56494